000 00549nam a22002057a 4500
008 151002b xxu||||| |||| 00| 0 eng d
020 _a0538435909
041 0 _aeng
080 _a658
100 1 _aEverard, Kenneth E.
245 1 0 _aBusiness principles and management /
_cby Kenneth E. Everard, James L. Burrow.
250 _a11th ed.
260 _aUSA:
_bSouth-Western, Thomson;
_c2004.
300 _a722 f.:
_bme il.;
_c26 cm.
650 0 _aBiznes
650 0 _aMenaxhim
650 0 _aOrganizim
700 1 _aBurrow, Jim.
942 _2udc
_cBK
999 _c1217
_d1217